000 00198 a2200097 4500
020 _a9780836874495
041 _aspa
100 _aMezzanotte, jim
245 _aComo funcionan las poleas
942 _cBK
999 _c10066
_d10066